000 00288 a2200145 4500
001 166051
020 _a
040 _cMagnum
100 _aTeixeira, Anisio
240 1 0 _aEducacao no brasil
_lpor
245 1 0 _aEducacao no brasil
362 0 _a1899
697 _aENSINO
942 _cBK
999 _c166051
_d166051